Il Bacio D'argento

שמור ב:
מידע ביבליוגרפי
מחבר ראשי: Mondi Fantastici Salami
פורמט: ספר
שפה:שפה לא ידועה
יצא לאור: Salani Editori
תגים: הוספת תג
אין תגיות, היה/י הראשונ/ה לתייג את הרשומה!

MARC

LEADER 00000nam a2200000Ia 4500
001 R-1314
003 CODICE-MESSINA
005 20260212102505.0
008 260211s9999 xx 000 0 und d
040 |c importazione_messina 
100 |a Mondi Fantastici Salami 
245 0 |a Il Bacio D'argento 
260 |b Salani Editori 
942 |2 ddc  |c BK 
952 |0 0  |1 0  |2 ddc  |4 0  |6 SCAFFALE_12_000000000000000__ROMANZI  |7 0  |9 32147  |a ME  |b ME  |d 2026-02-11  |l 0  |o SCAFFALE 12 - ROMANZI  |p R-1314  |r 2026-02-11 23:53:00  |w 2026-02-11  |x [REVISIONARE]  |y BK 
999 |c 27814  |d 27814